• 首页
  • 本馆介绍
  • 公告通知
  • 最新文献
  • 馆藏检索
  • 电子资源
  • 读者导购
  • 参考咨询
  • 我的图书馆
  • 登录
  • 详细信息显示
  • 放入我的书架
  • 预约/预借图书
  • 作者相关作品
  • 分类相关作品
  • 丛书相关作品
  • 出版社相关作品

书目信息

  • 表格格式
  • 工作单格式
  • 卡片格式
题名:
现代启发教学法
    
 
作者: 欧阳钟仁 著
分册:  
出版信息: 不详   不详  不详
页数: 184页
开本: 19cm
丛书名: 科学教学资料丛书
单 册:
中图分类: G428
科图分类:
主题词: 教学理论
电子资源:
ISBN:
000 00593nam0 2200217 45
001 0305281683
005 20070801115358.56
010    @dCNY0.70
100    @a20030528d不详 km y0chiy0120 ea
101 0  @achi
105    @ak z 000yy
200 1  @a现代启发教学法@AXian Dai Qi Fa Jiao Xue Fa@f欧阳钟仁著@FOu Yang Zhong Ren Zhu
210    @a不详@c不详@d不详
215    @a184页@c插图:表格@d19cm
225    @a科学教学资料丛书
410    @12001 @a科学教学资料丛书
606 0  @a教学理论
690    @aG428@v3
701  0 @a欧阳钟仁@4著
801    @aCN@bTSTC@c20070801
905    @b64574@dG428@e20@f1
    
    现代启发教学法/欧阳钟仁著.-不详:不详,不详
    184页:插图:表格;19cm.-(科学教学资料丛书)
    
    
    ISBN :CNY0.70
    
●
相关链接 在E读中查询图书 在五车中查询图书 在当当中查询图书 在豆瓣中查询图书


正题名:现代启发教学法     索取号:G428/20         预约/预借

序号 登录号 条形码 馆藏地/架位号 状态 备注
1 0058851   202198558   密集书库/ [索取号:G428/20] 在馆    
2 0058852   202305308   密集书库/ [索取号:G428/20] 在馆    
3 0058853   000881200   密集书库/ [索取号:G428/20] 在馆    
4 0058857   000881175   密集书库/ [索取号:G428/20] 在馆    
5 0058858   001527869   密集书库/ [索取号:G428/20] 在馆    
6 0058864   202198512   密集书库/ [索取号:G428/20] 在馆    
7 0058865   000881184   密集书库/ [索取号:G428/20] 在馆    
8 0058866   202173762   密集书库/ [索取号:G428/20] 在馆    
9 0058867   202154783   密集书库/ [索取号:G428/20] 在馆    
10 0058868   000881237   密集书库/ [索取号:G428/20] 在馆    
11 0058870   202148434   密集书库/ [索取号:G428/20] 在馆    
12 0064574   001774574   密集书库/ [索取号:G428/20] 在馆    
13 0790366   207903660   密集书库/ [索取号:G428/20] 在馆    
14 0790367   207903679   密集书库/ [索取号:G428/20] 在馆    
15 0790368   207903688   密集书库/ [索取号:G428/20] 在馆    
16 0790369   207903697   密集书库/ [索取号:G428/20] 在馆    
17 0790370   207903704   密集书库/ [索取号:G428/20] 在馆    
18 0790371   207903713   密集书库/ [索取号:G428/20] 在馆    
19 0790372   207903722   密集书库/ [索取号:G428/20] 在馆    
20 0790373   207903731   密集书库/ [索取号:G428/20] 在馆    
21 0790374   207903740   密集书库/ [索取号:G428/20] 在馆    
22 0790375   207903759   密集书库/ [索取号:G428/20] 在馆    
唐山师范学院图书馆 欢迎您!
大连网信软件有限公司© 版权所有